00476nam a22001697a 450000500170000001000140001702000260003103500130005703700130007008200110008310000230009424500520011726000350016927000600020430000270026465000150029120100813122635.0 aENG-99973 a9788178223216c225.00 aEN-83505 bDBAD/PUB a230.42 aChakraburtty, Sneh aThe story of meditation /cby Sneh Chakraburtty aNew DelhibNew Age Booksc2009 aA-44 Naraina Industrial Area Phase IbNew Delhie110028 aviii,244p.c22cm (pbk) aMeditation